Statistiken für 3F Superliga (Dänemark) Top 4

Klicken Sie hier um das Quiz zu spielen!

Allgemein

  • Dieses Quiz wurde 112 mal gespielt
  • Das Durchschnittsergebnis liegt bei 8 aus 19

Antwortstatistiken

Antwort% Korrekt
FC København
100%
Brøndby IF
79%
Aarhus GF
77%
Aalborg BK
71%
Odense BK
68%
FC Midtjylland
59%
FC Nordsjælland
54%
Esbjerg fB
44%
Randers FC
37%
Viborg FF
36%
Silkeborg IF
32%
AC Horsens
31%
Lyngby BK
28%
Vejle BK
26%
SønderjyskE
18%
Herfølge BK
8%
BK Frem
6%
Akademisk BK
2%
Boldklubben 1903
2%

Verteilung der Resultate

Perzentil nach korrekt beantworteten Fragen

Anzahl Personen mit jedem Resultat

Ihre Resultats-Entwicklung

Sie haben dieses Quiz noch nicht gespielt